| 000 | 00746cam a22002415a 4500 | ||
|---|---|---|---|
| 001 | 011398434 | ||
| 005 | 20180318114226.0 | ||
| 008 | 871021s1986 enk frb 001 0 eng d | ||
| 020 | _a1850910073 | ||
| 020 | _a9781850910077 | ||
| 040 |
_aUk _cUk _beng _dEG-ScBUE |
||
| 082 | 0 | 4 |
_222 _a659.1 _bCAR |
| 100 | 1 |
_aCarter, H. C. _q(Henry Charles) |
|
| 245 | 1 | 0 |
_aEffective advertising : _bthe Daily telegraph guide for the small business / _cH.C. Carter. |
| 260 |
_aLondon : _bKogan Page, _c1986. |
||
| 300 |
_a223 p. ; _c22 cm. |
||
| 504 | _aIncludes bibliographical references and index. | ||
| 541 | _aDonation from David Kirby. | ||
| 650 | 7 |
_aAdvertising. _2BUEsh _95632 |
|
| 651 | _2BUEsh | ||
| 653 |
_bGGEN _bBUSADM _cMarch2018 |
||
| 942 | _2ddc | ||
| 999 |
_c26325 _d26297 |
||